Tata, tété, titi, toto, tutu (click quiz) - Statistiques

Statistiques générales
  • Ce quiz a été pris 68 fois
  • Le résultat moyen est 5 sur 5
Statistiques - réponses
Hint Réponse % Correct
Sein féminin Tété
98%
La soeur de ton daron Tata
97%
Gros minet veut toujours l'attraper Titi
97%
On aime ses blagues Toto
97%
Habit de danseuse Tutu
95%
Aucun quiz correspondant
Distribution des résultats
% des personnes avec chaque résultat
Percentile par nombre de réponses
Votre historique - résultats
Vous n’avez pas pris ce quiz